| 000 | 01353nam a2200253Ia 4500 | ||
|---|---|---|---|
| 999 |
_c56579 _d56579 |
||
| 001 | 23693 | ||
| 003 | GE_BSU | ||
| 005 | 20260316165053.0 | ||
| 008 | 181216s1960||||ge |||||||||||||| ||geo|| | ||
| 040 | _cGE_BSU | ||
| 041 | _ageo | ||
| 080 | _a579(076.5) მ-47 | ||
| 100 |
_aმეგრელიძე, გ. _927145 |
||
| 245 |
_aმიკრობიოლოგიის პრაქტიკული სახელმძღვანელოს მოკლე კურსი : _bსასოფლო-სამეურნეო უმაღლ. სასწავლებლებისათვის / _cგ. მეგრელიძე ; რედ.: ირ. გიორგაძე. |
||
| 264 |
_aთბილისი : _bსაქ. სასოფლო-სამეურნეო ინ-ტის გამ-ბა, _c1960. |
||
| 300 |
_a244 გვ. : _bილ. ; _c22 სმ. |
||
| 300 | _eბიბლიოგრ: გვ. 240. | ||
| 504 | _aბიბლიოგრ: გვ. 240 | ||
| 541 | _h7 ლ. | ||
| 653 | _aმიკრობიოლოგია | ||
| 653 | _aმიკრობიოლოგიის პრაქტიკული სახელმძღვანელოს მოკლე კურსი | ||
| 700 |
_aგიორგაძე, ირ. _eრედაქტორი _927146 |
||
| 942 |
_cBK _2udc |
||